| 000 | 01063nam a2200289Ia 4500 | ||
|---|---|---|---|
| 001 | Para_10054 | ||
| 003 | CHAP | ||
| 008 | 220125sOctu xx 000 0 und d | ||
| 010 | _a208740 | ||
| 040 | _cCHAP | ||
| 090 | _aPA CD - TESIS 135 | ||
| 100 |
_aFlores Monterrosas, José Heriberto _941650 |
||
| 245 |
_aEtiología del amarillamiento o fuego del cilantro (Coriandrum sativum L.) eun nuevo problema fitopatológico / _c José Heriberto Flores Monterrosas; Director Víctor Manuel Pinto |
||
| 260 |
_aChapingo, Méx. : _b el autor |
||
| 300 | _a1 CDS ROM (142 p.) | ||
| 502 | _aTesis (Ing. Agr. Esp. en Parasitología Agrícola). UACh. Departamento Parasitología Agrícola | ||
| 520 | _a(M.C. en Protección Vegetal) UACh | ||
| 700 |
_aPinto, Víctor Manuel. Director _9175069 |
||
| 710 |
_aUACh. Departamento Parasitología Agrícola _9164025 |
||
| 901 | _aPA CD - TESIS 135 | ||
| 902 | _aM | ||
| 905 | _a513220Octubre, 2011 abnm8100000000 06 | ||
| 910 | _aOctu | ||
| 942 | _cPARA | ||
| 942 |
_cPARA _d2 |
||
| 999 |
_c208740 _d208740 |
||